La revolucin̤ del desarrollo innovaciones en la gestin̤ pb︢lica /

Bibliographic Details
Main Author: Dromi, Roberto
Format: Unknown
Language:Spanish
Published: Buenos Aires : Ciudad Argentina ; Madrid :Hispania Libros, 2007
Online Access:Acceso restringido

MARC

LEADER 00000ny a22000003n 4500
005 20110621124352.0
008 080116s2008 ag 000 0 spa c
020 |a 9875073253 
035 |a 2129 
040 |a SpMaUCDE  |d vLex 
040 |a UMA.RE  |d vLex 
080 |a 35.077(0.034) 
090 |c 941  |d 941 
100 1 |a Dromi, Roberto 
245 1 3 |a La revolucin̤ del desarrollo  |h [Recurso electrn̤ico]  |b innovaciones en la gestin̤ pb︢lica /  |c Roberto Dromi 
256 |a Servicio en ln̕ea 
260 |a Buenos Aires :  |b Ciudad Argentina ; Madrid :Hispania Libros,  |c 2007 
300 |a 471 p. ;  |c 21 cm 
504 |a Incluye referencias bibliogrf̀icas 
506 1 |a Contenido solo disponible en los productos indicados  |d vLex Global  |d vLex Global (Academic Edition, excluding Law Schools)  |d vLex Global (U.S. Academic Edition, Law Schools)  |d vLex Global (U.S. Academic Edition, excluding Law Schools)  |d vLex Global (Academic Edition, Law Schools) 
740 0 |a vLex Libros (Servicios en ln̕ea) 
856 4 0 |u http://vlex.com/source/2129  |z Acceso restringido 
942 |c BOOK 
999 0 4 |a Administracin̤ pb︢lica  |v En ln̕ea